000 00818nam a22002411i 4500
001 bimo0001238795
003 OSt
005 20140412105224.0
008 940725s1981 esp spa
020 _a84-321-2082-0
040 _aSpMaBN
_bspa
_cBMC
082 _a200.252 Juan Enrique Newman
100 1 _aJuan Enrique Newman
_cBeato
_d1801-1890
_9976
245 1 0 _aDiscursos sobre la fe
_cJohn H. Newman ; introducción, notas y traducción de José Morales
260 0 _aMadrid
_bRialp
_c1981
300 _a370 p., 3 h.
_c19 cm
490 _aNebli : clásicos de espiritualidad
_v49
594 _1Traducción de: Discoueses to mixed congregations
600 1 4 _aJuan Enrique Newman
_cBeato
_d1801-1890
_9976
650 2 4 _aFe
_911207
_xSermones
700 1 _91315
_aMorales, José
_qMorales Marín
942 _2ddc
_cBK
999 _c5466
_d5466